000
00318nam a22001217a 4500
008
180205b xxu||||| |||| 00| 0 eng d
041
_a
eng
080
_a
61
100
_a
3
101
_a
shm
245
_a
intervention among psychiatry imparied parents and their young children
_c
bertram.j.c
942
_2
udc
_c
BK
999
_c
41766
_d
41766